A to A Geography Challenge Quiz Stats

 Plays Quiz Updated Aug 8, 2016

Also try: A to A Geography
Challenge
Share
Tweet
Embed
Score 0/23 Timer 05:00
1 Play Today
% Correct
Asia
95.9%
Alabama
93.4%
Africa
92.6%
Australia
89.8%
Alaska
88%
Antarctica
87.1%
Arizona
81.7%
Austria
78.9%
Albania
77.3%
Argentina
72.3%
Armenia
72.2%
Algeria
71.7%
% Correct
Andorra
71%
Angola
69%
Antigua and Barbuda
53.9%
Ankara, Turkey
51.7%
Astana, Kazakhstan
37.1%
Addis Ababa, Ethiopia
37%
Accra, Ghana
35%
Andorra la Vella, Andorra
32.6%
Abuja, Nigeria
30.9%
Apia, Samoa
30.3%
Asmara, Eritrea
22.8%

You're not logged in!

Compare scores with friends on all Sporcle quizzes.
Join for Free
OR
Log In

You Might Also Like...

Show Comments

Extras

Top Quizzes Today


Score Distribution

Your Account Isn't Verified!

In order to create a playlist on Sporcle, you need to verify the email address you used during registration. Go to your Sporcle Settings to finish the process.

Report this User

Report this user for behavior that violates our Community Guidelines.

Details: